00970nam a22002177a 4500999001500000003000900015008004100024040007100065082001900136245006100155260003200216300008300248505014600331650002900477650004700506650003100553700004400584942001600628945000900644952009900653 c8887d8887AR-CdUCM190326b ||||| |||| 00| 0 spa d aMUNICIPALIDAD PROVINCIAL DEL CUSCOcBIBLIOTECA MUNICIPAL DEL CUSCO a985.04 / bB25 aLa campaña de Junín y Ayacucho /cFelipe de la Barra aLima : bSalesiana, c1974. a272 páginasbilustraciones, mapas, planos plegables, láminas ; c24.5 cm. aContenido: Primera campaña de intermedios -- Segunda campaña de intermedios -- Campañas bajo Bolivar -- Campaña en el Alto Perú ... aHistoria del Perú9259 aEmancipación - Batalla de Junín924710 aBatalla de Ayacucho924711 aBarra, Felipe de la (Compilador)924712 2ddccLIBROS alccs 002ddc4070aSHbSHcCARTd2019-03-26g95.00o985.04 / B25pSH0000009521r2019-03-26yLIBROS